LIBRARY & INFORMATION CENTRE, KCAET, TAVANUR

ONLINE PUBLIC ACCESS CATALOGUE (OPAC)

Chamber`s world gazetteer and geographical dictionary / (Record no. 8513)

MARC details
000 -LEADER
fixed length control field 00445cam a2200169ua 4500
041 ## - LANGUAGE CODE
Language code of text/sound track or separate title eng
082 ## - DEWEY DECIMAL CLASSIFICATION NUMBER
Classification number 028.799
Item number COL/CH
100 ## - MAIN ENTRY--AUTHOR NAME
Personal name Collocott, T C.
245 00 - TITLE STATEMENT
Title Chamber`s world gazetteer and geographical dictionary /
250 ## - EDITION STATEMENT
Edition statement 1 /
260 ## - PUBLICATION, DISTRIBUTION, ETC. (IMPRINT)
Place of publication London :
Name of publisher W & R Chambers Ltd ,
Year of publication 1961.
300 ## - PHYSICAL DESCRIPTION
Number of Pages 796 ; .
700 1# - ADDED ENTRY--PERSONAL NAME
Personal name Thorne, J O .
942 ## - ADDED ENTRY ELEMENTS (KOHA)
Koha item type Books
Holdings
Withdrawn status Lost status Damaged status Home library Current library Date acquired Full call number Accession Number Koha item type
      KAUAET KAUAET 07/04/2012 028.799 3175 Reference
free website counter